| 000 | 00531nam a22001817a 4500 | ||
|---|---|---|---|
| 005 | 20180904120128.0 | ||
| 010 | _aENG-123910 | ||
| 020 |
_c695.00 _a9788173414381 |
||
| 035 | _aEN-107442 | ||
| 037 | _bDBAD/PUB | ||
| 082 | _a954.13 | ||
| 100 | _aAgrawal, C.M. | ||
| 245 |
_aEnchanting central himalaya / _cby C.M. Agrawal |
||
| 260 |
_c2009 _aDelhi _bIndian Publishers Distributors |
||
| 270 |
_a156-D, Kamla Nagar, _bDelhi _e110007 |
||
| 300 |
_c21cm.(Hb.) _aix,294p. _bill. |
||
| 942 |
_cEN _2ddc _mAGR _h954.13 |
||
| 999 |
_c156661 _d156661 |
||